Pięć najbliższych państw według państw #2 - Statystyki

Ogólne statystyki
  • Ten quiz został rozwiązany 3 156 razy
  • Średni wynik to 31 z 38
Statystyki odpowiedzi
Państwo Najbliższe państwa % Poprawnych
Korea Południowa Korea Północna
99%
Korea Południowa Chiny
98%
Irlandia Wielka Brytania
98%
Korea Południowa Japonia
97%
Saint Lucia, Irlandia, Tunezja Francja
96%
Urugwaj Brazylia
94%
Urugwaj Argentyna
93%
Tunezja Algieria
91%
Irlandia Belgia
91%
Urugwaj Chile
91%
Irlandia Holandia
91%
Korea Południowa Rosja
91%
Urugwaj Paragwaj
89%
Singapur Indonezja
88%
Bahrajn Arabia Saudyjska
86%
Tunezja Libia
86%
Republika Zielonego Przylądka Maroko
86%
Urugwaj Boliwia
85%
Bahrajn Katar
85%
Irlandia Niemcy
85%
Singapur Malezja
84%
Singapur Tajlandia
82%
Bahrajn Zjednoczone Emiraty Arabskie
82%
Singapur Wietnam
81%
Korea Południowa Tajwan
79%
Tunezja Włochy
79%
Bahrajn Iran
78%
Bahrajn Kuwejt
78%
Tunezja Malta
75%
Republika Zielonego Przylądka Senegal
71%
Singapur Kambodża
69%
Republika Zielonego Przylądka Mauretania
64%
Republika Zielonego Przylądka Gambia
61%
Saint Lucia Saint Vincent i Grenadyny
61%
Saint Lucia Dominika
59%
Saint Lucia Barbados
56%
Saint Lucia Grenada
53%
Republika Zielonego Przylądka Gwinea Bissau
51%
Nie znaleziono quizów pasujących do podanych kryteriów
Rozkład punktacji
Procent ludzi z każdym wynikiem
Percentyl według liczby udzielonych odpowiedzi
Twoja historia wyników
Nie rozwiązałeś tego quizu